| 000 | 00694nam a22002177a 4500 | ||
|---|---|---|---|
| 005 | 20250210165326.0 | ||
| 008 | 250210b |||||||| |||| 00| 0 eng d | ||
| 020 | _a9789387264144 | ||
| 037 | _cLCT | ||
| 040 |
_aLCT _cLCT |
||
| 084 | _aZ2,99 R1 | ||
| 245 | _a Reflections on ancient Indian jurisprudence in the current social & judicial set-up/ | ||
| 260 |
_aNew Delhi _bMohan Law House _c2021 |
||
| 300 | _axviii, 236p. | ||
| 650 |
_a Administrative law _9681514 |
||
| 650 | _aIndian History | ||
| 650 | _aLaw | ||
| 700 |
_a Goel, Anupama, ed. _9734987 |
||
| 700 |
_aSingh, Seema, ed. _9257486 |
||
| 942 |
_2CC _cTB _hZ2,99 R1 _n0 |
||
| 999 |
_c1238387 _d1238387 |
||